Normal view
MARC view
Entry Geographic Name
001 - CONTROL NUMBER
- control field: 1630
003 - CONTROL NUMBER IDENTIFIER
- control field: BD-DhCDI
005 - DATE AND TIME OF LATEST TRANSACTION
- control field: 20251026084957.0
008 - FIXED-LENGTH DATA ELEMENTS
- fixed length control field: 251026|| aca||aabn | a|a d
040 ## - CATALOGING SOURCE
- Original cataloging agency: BD-DhCDI
- Transcribing agency: BD-DhCDI
151 ## - HEADING--GEOGRAPHIC NAME
- Geographic name: Collected Stories
670 ## - SOURCE DATA FOUND
- Source citation: Work cat.: (BD-DhCDI)896: হক, সৈয়দ শামসুল লেখক 1629, জলেশ্বরী: , January 2017.